000 00909nam a2200241 i 4500
001 81880
003 ES-MaACL
005 20250730024614.0
007 t|
008 041108s1911 sp ||||1| spa d
080 _a364.444.046.2:616-002.5
100 1 _aIglesias y Carral, Manuel.
_965141
245 1 4 _aLos dispensarios antituberculosos
_b: sus resultados prácticos en la preservación y curación de la tuberculosis /
_cManuel Iglesias y Carral.
260 _aMadrid :
_bSociedad Española de Higiene,
_c1911.
300 _a43 p. ;
_c21 cm.
490 1 _aLegado Roel: Colección de Memorias Premiadas ;
_v10
500 _aConcurso de 1910-1911.
650 4 _aDispensarios antituberculosos.
_9148849
710 2 _aSociedad Española de Higiene.
_96725
830 0 0 _aLegado Roel: Colección de memorias premiadas
_v10
_9183286
852 _aES-MaACL
_jT-1326-F-4
999 _c81880
_d81880